[Event "East Africa-ch U21"]
[Site "Kisumu"]
[Date "2024.08.26"]
[Round "6"]
[White "Jethrwa, Shiv"]
[Black "Rishit, Ravat"]
[Result "0-1"]
[WhiteElo "1570"]
[BlackElo "1813"]
[PlyCount "46"]
[EventDate "2024.08.25"]
[EventType "swiss"]
[EventRounds "8"]
[EventCountry "KEN"]
[SourceTitle "EXT 2025"]
[Source "ChessBase"]
[SourceDate "2024.10.14"]
[SourceVersion "1"]
[SourceVersionDate "2024.10.14"]
[SourceQuality "1"]

1. d4 d5 2. c4 e6 3. Nf3 Nf6 4. Bg5 Be7 5. Nc3 h6 6. Bh4 0-0 7. e3 Re8 8. Rc1 Nbd7 9. Bd3 b6 10. 0-0 dxc4 11. Bxc4 b5 12. Bb3 Bb7 13. Re1 Rc8 14. h3 a6 15. e4 c5 16. e5 Nd5 17. Bxe7 Nxe7 18. Ne4 Bxe4 19. Rxe4 c4 20. Bc2 Nd5 21. Re1 b4 22. Qe2 Qa5 23. Nd2 N7b6 0-1

[Event "East Africa-ch U21"]
[Site "Kisumu"]
[Date "2024.08.25"]
[Round "1"]
[White "Rishit, Ravat"]
[Black "Omanga, Momanyi"]
[Result "1-0"]
[WhiteElo "1813"]
[BlackElo "1415"]
[PlyCount "37"]
[EventDate "2024.08.25"]
[EventType "swiss"]
[EventRounds "8"]
[EventCountry "KEN"]
[SourceTitle "EXT 2025"]
[Source "ChessBase"]
[SourceDate "2024.10.14"]
[SourceVersion "1"]
[SourceVersionDate "2024.10.14"]
[SourceQuality "1"]

1. e4 e5 2. Nf3 Nc6 3. d4 exd4 4. Bc4 Bc5 5. c3 dxc3 6. Bxf7+ Kxf7 7. Qd5+ Ke8 8. Qh5+ g6 9. Qxc5 Qe7 10. Qxc3 Qb4 11. Bd2 Qxe4+ 12. Kd1 Nce7 13. Qxh8 d6 14. Re1 Qc4 15. Qd4 Qf7 16. Nc3 Kd8 17. Bg5 Kd7 18. Ne5+ Kd8 19. Nxf7+ 1-0

[Event "Kampala Sagewood Cup"]
[Site "Kampala"]
[Date "2024.05.19"]
[Round "7"]
[White "Mugisha, Ivan Jalagatha"]
[Black "Rishit, Ravat"]
[Result "0-1"]
[WhiteElo "1913"]
[BlackElo "1761"]
[PlyCount "54"]
[EventDate "2024.05.16"]
[EventType "swiss"]
[EventRounds "8"]
[EventCountry "UGA"]
[SourceTitle "CBM 220 Extra"]
[Source "ChessBase"]
[SourceDate "2024.07.31"]
[SourceVersion "1"]
[SourceVersionDate "2024.07.31"]
[SourceQuality "1"]

1. d4 d5 2. a3 Bf5 3. Nf3 e6 4. g3 Nf6 5. Bg2 c6 6. 0-0 Be7 7. Nbd2 0-0 8. h3 Re8 9. Nh4 Ne4 10. Nxf5 exf5 11. Nxe4 dxe4 12. f4 Qd7 13. e3 g6 14. Bd2 c5 15. c3 Bf6 16. Be1 Nc6 17. Qe2 cxd4 18. cxd4 Bxd4 19. exd4 Nxd4 20. Qc4 Rac8 21. Qa2 Rc2 22. Kh1 Nf3 23. Bc3 Rc8 24. Qb3 R8xc3 25. bxc3 Qd2 26. Rg1 Qf2 27. Raf1 Rc1 0-1

[Event "Kampala Sagewood Cup"]
[Site "Kampala"]
[Date "2024.05.19"]
[Round "8"]
[White "Rishit, Ravat"]
[Black "Mukose, Emmanuel"]
[Result "0-1"]
[WhiteElo "1761"]
[BlackElo "1832"]
[PlyCount "48"]
[EventDate "2024.05.16"]
[EventType "swiss"]
[EventRounds "8"]
[EventCountry "UGA"]
[SourceTitle "CBM 220 Extra"]
[Source "ChessBase"]
[SourceDate "2024.07.31"]
[SourceVersion "1"]
[SourceVersionDate "2024.07.31"]
[SourceQuality "1"]

1. e4 c5 2. d3 g6 3. g3 Bg7 4. Bg2 Nc6 5. Nf3 d6 6. c3 Bd7 7. 0-0 Qc8 8. Re1 Bh3 9. Bh1 h5 10. Qb3 Be6 11. Qc2 h4 12. Nxh4 Bh3 13. Bg2 Bf6 14. f3 Bxh4 15. gxh4 Rxh4 16. Qf2 Rh7 17. Bf4 Nf6 18. Na3 Qd7 19. d4 Bxg2 20. Qxg2 cxd4 21. cxd4 Nxd4 22. e5 Nh5 23. Bg3 Nxg3 24. Qxg3 Rh3 0-1

[Event "Kampala Sagewood Cup"]
[Site "Kampala"]
[Date "2024.05.17"]
[Round "3"]
[White "Kizza, Faruk Fauza Karim"]
[Black "Rishit, Ravat"]
[Result "1/2-1/2"]
[WhiteElo "1895"]
[BlackElo "1761"]
[PlyCount "52"]
[EventDate "2024.05.16"]
[EventType "swiss"]
[EventRounds "8"]
[EventCountry "UGA"]
[SourceTitle "CBM 220 Extra"]
[Source "ChessBase"]
[SourceDate "2024.07.31"]
[SourceVersion "1"]
[SourceVersionDate "2024.07.31"]
[SourceQuality "1"]

1. e4 e5 2. Nf3 Nc6 3. Nc3 Nf6 4. Bb5 Bb4 5. Nd5 Nxd5 6. exd5 Ne7 7. Nxe5 Nxd5 8. 0-0 0-0 9. d4 c6 10. Bd3 Re8 11. Nxf7 Kxf7 12. Qh5+ Kf8 13. Qxh7 Nf6 14. Qh4 Kf7 15. Qg5 Rh8 16. Bg6+ Kg8 17. Bf4 d5 18. c3 Be7 19. Be5 Rh6 20. Rae1 Kh8 21. Qg3 Bd7 22. h3 Be8 23. Bxf6 Rxg6 24. Bxe7 Qb6 25. Qf4 Bd7 26. b3 Bxh3 1/2-1/2